000 00253nam a2200109Ia 4500
008 190914s9999||||xx |||||||||||||| ||und||
100 _aDr,Mubarak Ali
245 0 _aSindh Khamoshi ke Awaz
260 _aDelhi
_bAddison
_c1993
300 _a358
942 _cBK
999 _c8914
_d8914